Niche City Name Changes - Statistics

General Stats
  • This quiz has been taken 9 times
  • The average score is 5 of 30
Answer Stats
Current Name Country Year of Change Previous Name % Correct
Chattogram Bangladesh 2018 Chittagong
57%
York United Kingdom 900s Jórvík
57%
Chemnitz Germany 1990 Karl-Marx-Stadt
43%
Klaipėda Lithuania 1923 Memel
29%
Banjul Gambia 1973 Bathurst
14%
La Plata Argentina 1955 Ciudad Eva Perón
14%
Santo Domingo Dominican Republic 1961 Ciudad Trujillo
14%
Zelenogradsk Russia 1946 Cranz
14%
Ürümqi China 1954 Dihua
14%
Lubumbashi Dem. Rep. of Congo 1966 Élisabethville
14%
Bukittinggi Indonesia 1949 Fort De Kock
14%
Tamanrasset Algeria 1974 Fort Laperrine
14%
Nuuk Greenland 1979 Godthåb
14%
Kota Kinabalu Malaysia 1968 Jesselton
14%
Lae Papua New Guinea 1920s Lehe
14%
Asyut Egypt 642 Lycopolis
14%
Punta Arenas Chile 1927 Magallanes
14%
Port Laoise Ireland 1929 Maryborough
14%
Sitka United States 1867 Novo-Arkhangelsk
14%
Hermosillo Mexico 1828 Pitic
14%
Nouméa New Caledonia 1866 Port-de-France
14%
Leticia Colombia 1867 San Antonio
14%
Dawei Myanmar 1989 Tavoy
14%
Gisbourne New Zealand 1870 Tūranga
14%
Ciudad Bolivar Venezuela 1846 Angostura
0%
Gcuwa South Africa 2004 Butterworth
0%
Florianópolis Brazil 1893 Nossa Senhora do Desterro
0%
Alice Springs Australia 1933 Stuart
0%
Burnt Pine Norfolk Island 1960s Taylors Road
0%
Regina Canada 1896 Wascana
0%
No matching quizzes found
Score Distribution
Percent of People with Each Score
Percentile by Number Answered
Your Score History
You have not taken this quiz